000 00497nam a2200169Ia 4500
003 GCL
008 140319s9999 xx 000 0 ara d
040 _aGCL /
_cGCL
082 0 4 _aد
_b050
100 1 _aنادرة جميل سراج
245 1 0 _aثلاث رواد من المهجر (اقرا 522 ) /
_cنادرة جميل سراج
300 _a148
490 _aاقرأ
_v0
650 0 4 _aشعر المهجر
650 0 4 _aالشعرالعربى - دواوين وقصائد
942 _2ddc
_cBK
999 _c48844
_d48844